000 00556nam a2200205Ia 4500
003 LK-CoDNM
005 20241217123716.0
008 121011t2005 xxu||||| |||| 00| 0 sin d
040 _aLK-CoDNM
_dLK-CoDNM
_eLK-CoDNM
041 _asin
080 _aX8S1
_bDHA
100 _aDammarathana Kulupana
245 _aලෝවැඩ සඟරා
246 _aLoveda Sangara
250 _a3rd
260 _bBavudhdha Sanskruthika Madhdhyasthanaya
_aDehiwala
_c2005
300 _b392p. : 18 cm
650 _aපුරාතන පද්‍ය
942 _cBK
999 _c76405
_d76405